000
00185 a2200097 4500
020
_a
9780545160575
041
_a
spa
100
_a
Anne Mazer
245
_a
Mi hermana magica
942
_c
BK
999
_c
29155
_d
29153